000 00782 a2200145 4500
003 Nust
005 20170207154011.0
040 _cNust
082 _a 005.43
100 _aJay Salzman, Peter
245 _aThe Linux Kernel Module Programming Guide (E-BOOK)
_bPeter Jay Salzman
300 _a73 p
505 _aChapter 1. Introduction 2 Chapter 2. Hello World 5 Chapter 3. Preliminaries 14 Chapter 4. Character Device Files 19 Chapter 5. The /proc File System25 Chapter 6. Using /proc For Input 29 Chapter 7. Talking To Device Files. 35 Chapter 8. System Calls 45 Chapter 9. Blocking Processes 50 Chapter 10. Replacing Printks 57 Chapter 11. Scheduling Tasks 59 Chapter 12. Interrupt Handlers 63 Chapter 13. Symmetric Multi Processing 67 Chapter 14. Common Pitfalls 68
650 _aE-BOOK
942 _2ddc
_cBK
999 _c191229
_d191229